Problems in plane geometry, with solutions, (Record no. 50502)
[ view plain ]
| 000 -LEADER | |
|---|---|
| fixed length control field | 00806nam a2200253 a 4500 |
| 001 - CONTROL NUMBER | |
| control field | 50502 |
| 003 - CONTROL NUMBER IDENTIFIER | |
| rucl marc code | BD-RjUL |
| 005 - DATE AND TIME OF LATEST TRANSACTION | |
| control field | 20211209075523.0 |
| 008 - FIXED-LENGTH DATA ELEMENTS--GENERAL INFORMATION | |
| fixed length control field | 160827s1947 nyu f 000 0 eng |
| 035 ## - SYSTEM CONTROL NUMBER | |
| System control number | (BD-RjUL)50622 |
| System control number | (OCoLC)4062805 |
| 040 ## - CATALOGING SOURCE | |
| Original cataloging agency | DLC |
| Transcribing agency | NjR |
| Modifying agency | DLC |
| -- | BD-RjUL |
| Language of cataloging | eng |
| 041 ## - LANGUAGE CODE | |
| Language code of text/sound track or separate title | eng |
| 082 ## - DEWEY DECIMAL CLASSIFICATION NUMBER | |
| Classification number | 513.1076 |
| Author mark and year | HOP 1947 |
| 100 1# - MAIN ENTRY--PERSONAL NAME | |
| Personal name | Horblit, Marcus. |
| 9 (RLIN) | 151274 |
| 245 10 - TITLE STATEMENT | |
| Title | Problems in plane geometry, with solutions, |
| Statement of responsibility, etc. | by Marcus Horblit and Kaj L. Nielsen. |
| 260 ## - PUBLICATION, DISTRIBUTION, ETC. (IMPRINT) | |
| Place of publication, distribution, etc. | New York : |
| Name of publisher, distributor, etc. | Barnes & Noble, inc. |
| Date of publication, distribution, etc. | 1947. |
| 300 ## - PHYSICAL DESCRIPTION | |
| Pagination | v, 197 p. : |
| Illustrations | ill. ; |
| Size | 21 cm. |
| 650 #0 - SUBJECT ADDED ENTRY--TOPICAL TERM | |
| Topical term or geographic name as entry element | Geometry, Plane |
| General subdivision | Problems, exercises, etc. |
| 9 (RLIN) | 151276 |
| 700 1# - ADDED ENTRY--PERSONAL NAME | |
| Personal name | Nielsen, Kaj Leo, |
| Dates associated with a name | 1914- |
| Relator term | joint author. |
| 942 ## - ADDED ENTRY ELEMENTS (KOHA) | |
| Source of classification or shelving scheme | Dewey Decimal Classification |
| Koha item type | Books |
| Lost status | Source of classification or shelving scheme | Damaged status | Not for loan | Collection code | Permanent Location | Current Location | Shelving location | Date acquired | Source of acquisition | Total Checkouts | Full call number | Date last seen | Copy number | Koha item type |
|---|---|---|---|---|---|---|---|---|---|---|---|---|---|---|
| Dewey Decimal Classification | Non-fiction | Central Library, University of Rajshahi | Central Library, University of Rajshahi | 10/11/1958 | A45416 | 513.1076 HOP 1947 | 27/08/2016 | C-2 | Books |